[Event "Goldener Springer"]
[Site "Bad Zwesten"]
[Date "2016.??.??"]
[Round "4.7"]
[White "Reichel, Rolf"]
[Black "Schmehl, Torsten"]
[Result "1/2-1/2"]
[WhiteElo "1786"]
[BlackElo "1731"]
[PlyCount "101"]
[EventDate "2016.??.??"]
[WhiteTeam "SC Brett vorm Kopp"]
[BlackTeam "Homberger SC"]

1. e4 e6 2. d4 d5 3. Nc3 dxe4 4. Nxe4 Nd7 5. Bd3 Ngf6 6. f3 Be7 7. Ne2 O-O 8.
O-O b6 9. c3 Bb7 10. N2g3 c5 11. Be3 Nd5 12. Bf2 Nf4 13. Bc2 cxd4 14. Bxd4 Nf6
15. Qc1 N4h5 16. Qe3 Nxg3 17. Nxg3 Qc7 18. Ne4 Nxe4 19. fxe4 Bc5 20. Rf2 e5 21.
Bxc5 Qxc5 22. Qxc5 bxc5 23. Rd1 Rfd8 24. Rfd2 Rxd2 25. Rxd2 Bc6 26. Kf2 Kf8 27.
Ke3 Ke7 28. Bb3 f6 29. Bd5 Bxd5 30. exd5 Kd6 31. c4 f5 32. h4 g6 33. g3 h5 34.
Kd3 Rb8 35. Ke3 Rb7 36. b3 Rf7 37. Rf2 Rb7 38. Kd3 a5 39. Rb2 a4 40. Kc3 a3 41.
Rb1 Rb4 42. Rf1 Rb8 43. Rb1 Rb4 44. Rf1 Rb8 45. Kd3 Rb7 46. Ke3 Rb8 47. Rb1 Rb4
48. Kd3 Rb8 49. Kc2 Rb7 50. Kc3 Rb4 51. Rf1 1/2-1/2

[Event "Goldener Springer"]
[Site "Bad Zwesten"]
[Date "2016.??.??"]
[Round "5.1"]
[White "Michalczak, Thomas"]
[Black "Telljohann, Sven"]
[Result "1/2-1/2"]
[WhiteElo "2199"]
[BlackElo "2408"]
[PlyCount "25"]
[EventDate "2017.??.??"]
[WhiteTeam "SG Solingen"]
[BlackTeam "SF Schöneck"]

1. e4 g6 2. d4 Bg7 3. Nc3 c6 4. Nf3 d5 5. h3 Nh6 6. Bf4 O-O 7. exd5 cxd5 8. Nb5
Nc6 9. Nc7 Rb8 10. Nb5 Ra8 11. Nc7 Rb8 12. Nb5 Ra8 13. Nc7 1/2-1/2

[Event "Goldener Springer"]
[Site "Bad Zwesten"]
[Date "2017.??.??"]
[Round "5.2"]
[White "Zalewski, Ulrich"]
[Black "Schlachowitsch, Markus"]
[Result "1/2-1/2"]
[WhiteElo "1801"]
[BlackElo "1987"]
[PlyCount "100"]
[EventDate "2017.??.??"]
[WhiteTeam "SK Gießen"]
[BlackTeam "TG Wehlheiden"]

1. e4 b6 2. d4 Bb7 3. Nc3 e6 4. a3 c5 5. Be3 cxd4 6. Bxd4 Nc6 7. Be3 Nf6 8. f3
d5 9. exd5 exd5 10. Bb5 Bc5 11. Bxc5 bxc5 12. Qe2+ Kf8 13. Bxc6 Bxc6 14. O-O-O
Rb8 15. Re1 d4 16. Nd1 h5 17. Nh3 Nd5 18. Qe4 f6 19. Qf5 Qc8 20. Qe6 Qc7 21.
Qf5 Qc8 22. Qe6 Qxe6 23. Rxe6 Bd7 24. Ra6 Bxh3 25. gxh3 Rb7 26. Rd6 Nc7 27.
Rd8+ Ne8 28. Re1 Re7 29. Rxe7 Kxe7 30. Ra8 Rh6 31. Rxa7+ Kd6 32. Nf2 Rg6 33.
Ne4+ Kc6 34. Ra4 Rg1+ 35. Kd2 Rg2+ 36. Kd3 c4+ 37. Kxd4 Rxc2 38. Ra5 Rxb2 39.
Kxc4 Rxh2 40. a4 Ra2 41. Kb3 Ra1 42. Rc5+ Kb7 43. a5 Rf1 44. Rc3 Ka6 45. Kb4
Rb1+ 46. Ka4 Ra1+ 47. Kb4 Rb1+ 48. Ka4 f5 49. Nc5+ Ka7 50. Ne6 Ra1+ 1/2-1/2

[Event "Goldener Springer"]
[Site "Bad Zwesten"]
[Date "2016.??.??"]
[Round "5.3"]
[White "Humburg, Philipp"]
[Black "Schnegelsberg, Karl Heinz"]
[Result "1/2-1/2"]
[WhiteElo "2261"]
[BlackElo "1987"]
[PlyCount "131"]
[EventDate "2017.??.??"]
[WhiteTeam "Kasseler SK"]
[BlackTeam "Kasseler SK"]

1. Nc3 d5 2. e4 d4 3. Nce2 Nc6 4. Ng3 e5 5. Nf3 Bd6 6. Bb5 Nge7 7. O-O O-O 8.
d3 a6 9. Ba4 b5 10. Bb3 Na5 11. h3 Nxb3 12. axb3 f6 13. Nh2 Be6 14. f4 exf4 15.
Bxf4 Bc5 16. Qh5 Bb6 17. Rae1 Qd7 18. Bc1 c5 19. Nf5 c4 20. bxc4 bxc4 21. Ng4
Nxf5 22. exf5 Bd5 23. Qh4 Ba5 24. Re2 Rab8 25. Nf2 Qxf5 26. Re7 Qg6 27. Ne4 f5
28. Qg5 Qxg5 29. Nxg5 cxd3 30. cxd3 Bb3 31. Re5 Rb5 32. Re7 f4 33. Ne6 Bxe6 34.
Rxe6 Bb6 35. Rf2 g5 36. Rc2 a5 37. Kf2 Rb8 38. Kf3 Kf7 39. Rec6 Re8 40. h4 Re6
41. hxg5 Bd8 42. Rxe6 Kxe6 43. Bxf4 Bxg5 44. Bxg5 Rxg5 45. Kf4 Rb5 46. Ke4 Rb4
47. g4 Kd6 48. Rh2 a4 49. g5 Kc5 50. Ke5 Rb7 51. Rc2+ Kb4 52. Kxd4 Kb3 53. Rg2
Re7 54. Kc5 Re5+ 55. Kc6 Re6+ 56. Kd5 Rg6 57. Ke5 h6 58. d4 Rxg5+ 59. Rxg5 hxg5
60. d5 Kxb2 61. d6 a3 62. d7 a2 63. d8=Q a1=Q 64. Qxg5 Qa5+ 65. Kf6 Qxg5+ 66.
Kxg5 1/2-1/2

[Event "Goldener Springer"]
[Site "Bad Zwesten"]
[Date "2016.??.??"]
[Round "5.4"]
[White "Filmann, Andreas"]
[Black "Lange, Martin"]
[Result "1-0"]
[WhiteElo "1658"]
[BlackElo "1822"]
[PlyCount "110"]
[EventDate "2017.??.??"]
[WhiteTeam "SV Kinzigtal"]
[BlackTeam "Sfr. Kelkheim"]

1. e4 e6 2. d4 d5 3. exd5 exd5 4. Bd3 Bd6 5. Nf3 Ne7 6. O-O Bf5 7. Re1 O-O 8.
Bxf5 Nxf5 9. Qd3 Qd7 10. Nc3 c6 11. Bd2 Na6 12. a3 Rfe8 13. Kf1 f6 14. Ne2 Nc7
15. Bf4 g6 16. Bxd6 Qxd6 17. Qd2 Re4 18. Ng3 Nxg3+ 19. hxg3 Rxe1+ 20. Rxe1 Re8
21. Rxe8+ Nxe8 22. Qe3 Ng7 23. Qf4 Nf5 24. Qxd6 Nxd6 25. Nd2 h5 26. Ke2 Kf7 27.
Kf3 g5 28. c3 Ke6 29. g4 h4 30. Ke3 f5 31. Kf3 f4 32. Ke2 b6 33. f3 c5 34. dxc5
bxc5 35. Nb3 Nb7 36. Nd2 c4 37. b3 cxb3 38. Nxb3 a5 39. Kd3 a4 40. Nd4+ Kd6 41.
c4 Nd8 42. cxd5 Kxd5 43. Nb5 Ke6 44. Nc3 Nc6 45. Nxa4 Ne5+ 46. Kd4 h3 47. Nc5+
Kd6 48. Ne4+ Kc6 49. gxh3 Nxf3+ 50. Kc4 Ng1 51. Nxg5 f3 52. Nxf3 Nxf3 53. a4
Ng1 54. g5 Nxh3 55. g6 Ng5 1-0

[Event "Goldener Springer"]
[Site "Bad Zwesten"]
[Date "2016.??.??"]
[Round "5.5"]
[White "Maar, Samuel"]
[Black "Koerber, Thomas"]
[Result "1-0"]
[WhiteElo "1872"]
[BlackElo "1809"]
[PlyCount "53"]
[EventDate "2017.??.??"]
[WhiteTeam "SC Kaufungen"]
[BlackTeam "Bad Emstal"]

1. e4 Nc6 2. d4 d5 3. e5 e6 4. Nf3 h6 5. c4 Bb4+ 6. Bd2 a5 7. a3 Bxd2+ 8. Qxd2
Nge7 9. Nc3 b6 10. Be2 Ba6 11. cxd5 Nxd5 12. Bxa6 Rxa6 13. Qd3 Ra8 14. Qb5 Qd7
15. Rc1 Nce7 16. Qd3 Nxc3 17. bxc3 O-O 18. g4 Kh8 19. h4 Ng8 20. Ng5 g6 21. h5
Kg7 22. Ne4 Qe7 23. g5 hxg5 24. hxg6 fxg6 25. Qh3 Rf7 26. Nf6 Nxf6 27. Qh6+ 1-0

[Event "Goldener Springer"]
[Site "Bad Zwesten"]
[Date "2016.??.??"]
[Round "5.6"]
[White "Schmehl, Torsten"]
[Black "Lange, Lars"]
[Result "1/2-1/2"]
[WhiteElo "1731"]
[BlackElo "1450"]
[PlyCount "37"]
[EventDate "2017.??.??"]
[WhiteTeam "Homberger SC"]
[BlackTeam "Sfr. Kelkheim"]

1. d4 Nf6 2. c4 g6 3. Nc3 d5 4. cxd5 Nxd5 5. e4 Nxc3 6. bxc3 Bg7 7. Bc4 O-O 8.
Ne2 c5 9. Be3 Nc6 10. O-O cxd4 11. cxd4 Bg4 12. f3 Na5 13. Bxf7+ Rxf7 14. fxg4
Rxf1+ 15. Qxf1 Qd7 16. h3 Nc4 17. Qf3 Rf8 18. Qg3 Nxe3 19. Qxe3 1/2-1/2

[Event "Goldener Springer"]
[Site "Bad Zwesten"]
[Date "2016.??.??"]
[Round "5.7"]
[White "Pallesche, Hartmut"]
[Black "Wolff, Peter"]
[Result "0-1"]
[WhiteElo "1723"]
[BlackElo "1957"]
[PlyCount "82"]
[EventDate "2017.??.??"]
[WhiteTeam "Grauer Turm Fritzlar"]
[BlackTeam "VSG Offenbach"]

1. e4 c6 2. d4 d5 3. exd5 cxd5 4. Nf3 Nf6 5. Bd3 g6 6. c3 Bg7 7. O-O O-O 8. h3
Nc6 9. Bf4 b6 10. Ne5 Bb7 11. Nxc6 Bxc6 12. Be5 Bb7 13. Nd2 Rc8 14. Qf3 Qd7 15.
Rfe1 Rfd8 16. Qe3 a6 17. a4 Rc6 18. Qe2 Ra8 19. Nf3 Rcc8 20. Qe3 Re8 21. Bf4
Rad8 22. Bh6 Bh8 23. Ne5 Qc8 24. Qf3 Rd6 25. g4 Re6 26. g5 Rxe5 27. Rxe5 Ne4
28. Bxe4 dxe4 29. Qg3 Qd7 30. b3 Rc8 31. Re1 Qc7 32. Re3 e6 33. h4 Qd6 34. h5
Qa3 35. hxg6 hxg6 36. c4 Qa1+ 37. Kg2 Qxd4 38. f4 exf3+ 39. Kh3 Bxe5 40. Qe1
Rc5 41. b4 Rxc4 0-1